Célébrités avec 1 seul nom/prénom par image - Statistiques

Statistiques générales
  • Ce quiz a été pris 440 fois
    426 depuis la dernière actualisation
  • Le résultat moyen est 18 sur 24
Statistiques - réponses
Par images Réponse % Correct
Beyoncé
97%
Soprano
97%
Shakira
96%
Rihanna
95%
Vianney
94%
Mika
93%
Squeezie
93%
Garou
88%
Amir
87%
Artus
87%
Eminem
87%
Nagui
87%
Adele
86%
Cyprien
84%
Drake
84%
Arthur
82%
Zazie
80%
Renaud
71%
Madonna
66%
Bourvil
50%
Sting
39%
Fernandel
37%
Carlos
35%
Sim
15%
Aucun quiz correspondant
Distribution des résultats
% des personnes avec chaque résultat
Percentile par nombre de réponses
Votre historique - résultats
Vous n’avez pas pris ce quiz depuis la dernière actualisation